Pacto Social sin diálogo nacional?
Gorde:
| Formatua: | Texto |
|---|---|
| Gaiak: | |
| Etiketak: |
Etiketa erantsi
Etiketarik gabe, Izan zaitez lehena erregistro honi etiketa jartzen!
|
MARC
| LEADER | 00000 a a2200000 04500 | ||
|---|---|---|---|
| 001 | 45565 | ||
| 003 | |||
| 040 | |a CRAI/IIS |c CRAI/IIS | ||
| 245 | |a Pacto Social sin diálogo nacional? | ||
| 500 | |a Antes se llamaba: ALAI SERVICIO MENSUAL DE INFORMACION Y DOCUMENTACION | ||
| 650 | |a POLITICA | ||
| 650 | |a GOLPES DE ESTADO | ||
| 650 | |a DEMOCRACIA | ||
| 650 | |a SINDICALISMO | ||
| 650 | |a AMERICA CENTRAL | ||
| 650 | |a EL SALVADOR | ||
| 773 | |g volumen12, número109 (Noviembre, 1988), Págs. 9-10 | ||
| 999 | |c 18257 |d 18257 | ||
